000 00389nam a2200133Ia 4500
008 100328s9999 xx 000 0 und d
082 _b28935
100 _aपाटील अरविंद
245 _aसागर संग्राम
260 _bसुर्य
630 _aसागर संग्राम
730 _aसागर संग्राम
942 _cBOOK
999 _c520095
_d520092